| 000 | 01256nam a2200325Ia 4500 | ||
|---|---|---|---|
| 001 | ebr10084582 | ||
| 003 | CaPaEBR | ||
| 006 | m u | ||
| 007 | cr cn||||||||| | ||
| 008 | 051130s2005 enka sbl 001 0 eng d | ||
| 010 | _z 2005620506 | ||
| 020 | _z1841509175 | ||
| 020 | _z9781841501239 (pbk.) | ||
| 020 | _z1841501239 (pbk.) | ||
| 040 |
_aCaPaEBR _cCaPaEBR |
||
| 035 | _a(OCoLC)560034778 | ||
| 050 | 1 | 4 |
_aKL706.5 _b.S27 2005eb |
| 100 | 1 | _aSassoon, John. | |
| 245 | 1 | 0 |
_aAncient laws and modern problems _h[electronic resource] : _bthe balance between justice and a legal system / _cJohn Sassoon. |
| 250 | _aPbk. ed. | ||
| 260 |
_aBristol, UK ; _aPortland, OR : _bIntellect Books, _c2005. |
||
| 300 |
_a220 p. : _bill. |
||
| 504 | _aIncludes bibliographical references (p. 211-212) and index. | ||
| 533 |
_aElectronic reproduction. _bPalo Alto, Calif. : _cebrary, _d2009. _nAvailable via World Wide Web. _nAccess may be limited to ebrary affiliated libraries. |
||
| 650 | 0 | _aLaw, Assyro-Babylonian. | |
| 650 | 0 | _aLaw, Sumerian. | |
| 655 | 7 |
_aElectronic books. _2local |
|
| 710 | 2 | _aebrary, Inc. | |
| 856 | 4 | 0 |
_uhttp://site.ebrary.com/lib/rucke/Doc?id=10084582 _zAn electronic book accessible through the World Wide Web; click to view |
| 999 |
_c49569 _d49569 |
||